书目信息 |
| 题名: |
中水工程实例及评析
|
|
| 作者: | 北京市城市节约用水办公室 编 | |
| 分册: | ||
| 出版信息: | 北京 中国建筑工业出版社 2003.05 |
|
| 页数: | 278页 | |
| 开本: | 23cm | |
| 丛书名: | 城市节约用水技术丛书 | |
| 单 册: | ||
| 中图分类: | TU991.57 | |
| 科图分类: | ||
| 主题词: | 给水工程:市政工程 , 城市供水系统 | |
| 电子资源: | ||
| ISBN: | 7-112-05576-8 | |
| 000 | 00799nam0 2200229 45 | |
| 001 | 0339533969 | |
| 005 | 2003031210585339 | |
| 010 | @a7-112-05576-8@dCNY 37.00 | |
| 100 | @a20030312d2003 km y0chiy0120 ea | |
| 101 | 0 | @achi |
| 102 | @aCN@b110000 | |
| 200 | 1 | @a中水工程实例及评析@Azhong shui gong cheng shi li ji ping xi@f北京市城市节约用水办公室编@FBei Jing Shi Cheng Shi Jie Yue Yong Shui Ban Gong Shi Bian |
| 210 | @a北京@c中国建筑工业出版社@d2003.05 | |
| 215 | @a278页@d23cm | |
| 225 | 2 | @a城市节约用水技术丛书 |
| 410 | 0 | @12001 @a城市节约用水技术丛书 |
| 606 | 0 | @a给水工程:市政工程 |
| 606 | 0 | @a城市供水系统 |
| 690 | @aTU991.57@v3 | |
| 701 | 0 | @a北京市城市节约用水办公室@ABei Jing Shi Cheng Shi Jie Yue Yong Shui Ban Gong Shi@4编 |
| 801 | 0 | @aCN@bPFT@c20030312 |
| 905 | @dTU991.57@eB506 | |
| 中水工程实例及评析/北京市城市节约用水办公室编.-北京:中国建筑工业出版社,2003.05 |
| 278页;23cm.-(城市节约用水技术丛书) |
| ISBN 7-112-05576-8:CNY 37.00 |
| ● |
| 相关链接 |
|
|
|
正题名:中水工程实例及评析
索取号:TU991.57/B506
 
预约/预借
| 序号 | 登录号 | 条形码 | 馆藏地/架位号 | 状态 | 备注 |
| 1 | 372090 | 203720900 | 建筑库201/201建筑库 136排2列2层/ [索取号:TU991.57/B506] | 在馆 | |
| 2 | 372091 | 203720919 | 市政与环境工程学院资料室/101建筑库 97排3列5层/ [索取号:TU991.57/B506] | 在馆 | |
| 3 | 372092 | 203720928 | 建筑库201/201建筑库 134排2列3层/ [索取号:TU991.57/B506] | 在馆 |